Normal view
MARC view
- ELECTRICAL POWER SYSTEMS.ENERGY SYSTEM THEORY.ENERGY CONTROL CENTER.ELECTRIC POWER TRANSMISSION.FAULTS AND PROTECTIONS OF ELECTRIC ENERGY SYSTEMS
Entry Topical Term
001 - CONTROL NUMBER
- control field: 64460
003 - CONTROL NUMBER IDENTIFIER
- control field: NUST
005 - DATE AND TIME OF LATEST TRANSACTION
- control field: 20210628203257.0
008 - FIXED-LENGTH DATA ELEMENTS
- fixed length control field: 210628|| aca||aabn | a|a d
040 ## - CATALOGING SOURCE
- Original cataloging agency: NUST
- Transcribing agency: NUST
150 ## - HEADING--TOPICAL TERM
- Topical term or geographic name entry element: ELECTRICAL POWER SYSTEMS.ENERGY SYSTEM THEORY.ENERGY CONTROL CENTER.ELECTRIC POWER TRANSMISSION.FAULTS AND PROTECTIONS OF ELECTRIC ENERGY SYSTEMS
670 ## - SOURCE DATA FOUND
- Source citation: Work cat.: (NUST): El-Hawary, Mohamed.E, Mohamed E.El-Hawary 64459, Introduction to electrical power systems, 2008
